00826 2200181 4500245005500000020002200055250001200077100001300089700001500102650002200117005001900139260004100158041001400199084001100213300002700224500038400251336000900635 aTentang Luka yang Kusimpan SendiricKopioppihText a978-623-5269-38-2 aCet. 11 aKopioppi aEsti Utami aPengembangan Diri a20241016143839 aSemarangbSyalmahat Publishingc2024 aIndonesia a155.25 avi, 142 hlm. :c20 cm. aKita punya hak untuk bersedih , kita punya hak untuk memilih menyimpan atau berbagai rasa sakit. Hanya saja, kali ini mari sama-sama memahami bahwa kita tak sendiri. Setiap orang di bumi ini punya lukanya sendiri. Tak perlu membandingkan luka siapa yang paling hebat, kita hanya perlu bertahan dari luka kita sendiri dan kembali bangkit meski aku paham itu adalah hal yang sulit. atext